000 00869nam a22002057a 4500
003 OSt
005 20170608093032.0
008 150408b2011 slv spa
040 _cBMC
082 _a630
100 1 _934512
_aDíaz Vanegas, Roberto Carlos
245 1 0 _aPasantía en Universidad Católica de El Salvador (UNICAES)
_b: Informe final
_cRoberto Carlos Díaz Vanegas
260 _aSanta Ana (El Salvador)
_bUniversidad Católica de El Salvador
_c2011
300 _a66 h., 10 h.
_bil. col.
_c28 cm
_e+ 1 disco compacto
500 _aPrecede al tít.: Universidad Católica de El Salvador, Facultad de Ingeniería y Arquitectura
502 _aTrabajo de graduación para optar título de Ingeniero agrónomo
650 2 4 _925051
_aAgronomía
710 2 _91166
_aUniversidad Católica de El Salvador
_bFacultad de Ingeniería y Arquitectura
942 _2ddc
_cTG
999 _c21032
_d21032